| 000 | 02178 a2200217 4500 | ||
|---|---|---|---|
| 001 | 54247 | ||
| 005 | 20260407155813.0 | ||
| 008 | 260407a1951 arg spa d | ||
| 003 | AR-UNSa-BCEJYS | ||
| 040 |
_aAR-UNSa-BCEJYS _bspa _cAR-UNSa-BCEJYS |
||
| 080 |
_a330.8 _xHistoria de las teorías, Doctrinas, Dogmas económicos (pensamiento económico) |
||
| 245 | 1 | 0 | _aHistoria de las doctrinas económicas |
| 264 | 1 |
_aCórdoba : _bAssandri _c1951 |
|
| 300 |
_a493 p. _c23 cm. |
||
| 505 | _a1. El pensamiento económico de los antiguos - 2. El Medio-Evo - 3. Renacimiento, Maquiavelo - 4. El mercantilismo - 5. Los aritméticos políticos Cameralismo - 6. cantillon - 7. Fisiócratas - 8. La escuela clásica inglesa (A. Smith) - 9. La escuela clásica inglesa (malthus) - 10. La escuela clásica inglesa (Ricardo) - 11. La escuela clásica inglesa (Discípulos de Ricardo) - 12. La escuela clásica francesa (Say, Bastiat) - 13. Críticas a la doctrina clásica (Sismondi)- 14. Los socialistas utópicos (Saint-simon) - 15. Los socialistas utópicos (Fourier,Owen, Blanc) - 16. Los socialistas utópicos (Proudhon) - 17. El socialismo científico - 18. El socialismo científico (Discípulos de Marx) - 19. Los economistas italianos del siglo XVIII (La Escuela Napolitana) - 20. Los economistas italianos del siglo XVIII (Economistas italianos de escuelas diversas) - 21. La escuela del nacionalismo económico - 22. La escuela histórica - 23. La escuela marginalista - 24. Los economistas italianos del siglo XIX - 25. Maffeo Pantaleoni - 26. La escuela del equilibrio económico - 27. Las doctrinas económicas en Estados Unidos(Diferentes tendencias) - 28. Las doctrinas económicas en Estados Unidos( Los institucionalistas norte-americanos) - 29. Las modernas tendencias europeas(La escuela inglesa) - 30. Las modernas tendencias europeas(Las escuelas alemana y escandinava) - 31. Las modernas tendencias europeas(Las escuelas francesa y rusa) - 32. Las modernas tendencias europeas(La escuela italiana) | ||
| 942 | _cBK | ||
| 590 | _aniveau_biblio:m niveau_hierar:0 | ||
| 100 | 1 | _aGriziotti Kretschmann, Jenny | |
| 700 | 1 | _aFierro, Irma F. de | |
| 700 | 1 | _aJarach, Dino | |
| 999 |
_c5418 _d5418 |
||